[Event "Dabki School-ch"]
[Site "Dabki"]
[Date "2007.08.28"]
[Round "5.3"]
[White "Checinski, Remigiusz"]
[Black "Swieszek, Joanna"]
[Result "1-0"]
[WhiteElo "1723"]
[BlackElo "1826"]
[PlyCount "63"]
[EventDate "2007.08.24"]
[EventType "swiss"]
[EventRounds "8"]
[EventCountry "POL"]
[SourceTitle "EXT 2023"]
[Source "ChessBase"]
[SourceDate "2022.10.05"]
[SourceVersion "1"]
[SourceVersionDate "2022.10.05"]
[SourceQuality "1"]

1. g4 d5 2. Bg2 Nc6 3. h3 e5 4. d3 Be6 5. b3 Bb4+ 6. c3 Be7 7. e3 f5 8. Bb2 Nf6 9. g5 Nd7 10. f4 exf4 11. exf4 Bd6 12. Ne2 Qe7 13. Nd2 Bf7 14. 0-0 0-0-0 15. c4 Bh5 16. Nf3 dxc4 17. Ng3 Bg6 18. Re1 Qf8 19. Nd4 Nxd4 20. Bxd4 cxd3 21. Qf3 Nc5 22. b4 Ne4 23. h4 Bxb4 24. Rxe4 fxe4 25. Qg4+ Kb8 26. f5 Rxd4 27. fxg6 e3 28. Qxd4 Qf2+ 29. Kh1 hxg6 30. Qxb4 b6 31. Rf1 a5 32. Qe4 1-0

[Event "Poznan op-B 16th"]
[Site "Poznan"]
[Date "2007.07.28"]
[Round "8.19"]
[White "Checinski, Remigiusz"]
[Black "Anglart, Edward"]
[Result "0-1"]
[WhiteElo "1723"]
[BlackElo "1905"]
[PlyCount "78"]
[EventDate "2007.07.21"]
[EventType "swiss"]
[EventRounds "9"]
[EventCountry "POL"]
[SourceTitle "EXT 2023"]
[Source "ChessBase"]
[SourceDate "2022.10.05"]
[SourceVersion "1"]
[SourceVersionDate "2022.10.05"]
[SourceQuality "1"]

1. Nf3 d5 2. d4 Nf6 3. Bg5 Ne4 4. Bh4 c6 5. Nbd2 Qb6 6. Nb3 e6 7. c3 Nd7 8. e3 c5 9. dxc5 Ndxc5 10. Be2 Bd7 11. 0-0 Ba4 12. Nfd4 e5 13. Nf3 Nxb3 14. axb3 Bxb3 15. Qb1 Bd6 16. Bd3 f5 17. Bxe4 dxe4 18. Nd2 Be6 19. Re1 h6 20. f3 exf3 21. Nxf3 Bc5 22. Nxe5 0-0 23. Ng6 Rfe8 24. Bf2 Rad8 25. b4 Bc8 26. bxc5 Qxg6 27. Rxa7 Qf6 28. Qb3+ Kh8 29. Qb4 Qc6 30. Ra5 Rd3 31. Qc4 Red8 32. Qb5 Qf6 33. c4 Qc3 34. Raa1 Rd2 35. Rac1 Qe5 36. c6 Qe4 37. c7 R8d6 38. c5 Rg6 39. Qe8+ Kh7 0-1

[Event "Poznan op-B 16th"]
[Site "Poznan"]
[Date "2007.07.22"]
[Round "2.27"]
[White "Checinski, Remigiusz"]
[Black "Chmiest, Lukasz"]
[Result "1-0"]
[WhiteElo "1800"]
[BlackElo "1600"]
[PlyCount "65"]
[EventDate "2007.07.21"]
[EventType "swiss"]
[EventRounds "9"]
[EventCountry "POL"]
[SourceTitle "EXT 2023"]
[Source "ChessBase"]
[SourceDate "2022.10.05"]
[SourceVersion "1"]
[SourceVersionDate "2022.10.05"]
[SourceQuality "1"]

1. d4 d5 2. Bf4 Nc6 3. Nf3 Bf5 4. e3 a6 5. Bd3 Bg6 6. c4 dxc4 7. Bxc4 e6 8. Nc3 Nf6 9. 0-0 Ne4 10. Nxe4 Bxe4 11. Ng5 Bg6 12. d5 Ne5 13. Nxe6 fxe6 14. Bxe5 exd5 15. Qxd5 Qxd5 16. Bxd5 c6 17. Bf3 Kf7 18. Rfd1 Be7 19. Rd7 Rhd8 20. Rxb7 Rd2 21. Bc3 Rd3 22. Bb4 Re8 23. Bxc6 Red8 24. Rxe7+ Kf6 25. Bf3 Rb8 26. Rb7 Rbd8 27. Bc3+ Ke6 28. Be2 R3d6 29. Bb4 Rc6 30. Bg4+ Bf5 31. Bxf5+ Kxf5 32. Rxg7 Rdc8 33. Bc3 1-0

[Event "Poznan op-B 16th"]
[Site "Poznan"]
[Date "2007.07.21"]
[Round "1.3"]
[White "Gorny, Andrzej"]
[Black "Checinski, Remigiusz"]
[Result "1-0"]
[WhiteElo "1918"]
[BlackElo "1723"]
[PlyCount "43"]
[EventDate "2007.07.21"]
[EventType "swiss"]
[EventRounds "9"]
[EventCountry "POL"]
[SourceTitle "EXT 2023"]
[Source "ChessBase"]
[SourceDate "2022.10.05"]
[SourceVersion "1"]
[SourceVersionDate "2022.10.05"]
[SourceQuality "1"]

1. d4 d5 2. Bg5 Nf6 3. Nc3 Bf5 4. Qd2 e6 5. 0-0-0 c5 6. dxc5 Bxc5 7. e4 Bxe4 8. Bxf6 Qxf6 9. Bb5+ Ke7 10. f3 Bg6 11. Re1 Kd6 12. Nh3 Bb4 13. Ne4+ Bxe4 14. Qxb4+ Kc7 15. fxe4 a6 16. Qc5+ Nc6 17. Bxc6 bxc6 18. exd5 exd5 19. Re7+ Kc8 20. Rhe1 Rd8 21. Qb6 Qd6 22. Qb7# 1-0